| 000 | 00507cam a2200181ua 4500 | ||
|---|---|---|---|
| 041 |
_aeng _h |
||
| 082 |
_a631.45 _bMCK/SO |
||
| 100 | _aMcKenzie, Neil . | ||
| 245 |
_aSoil physical measurement and interpretation for land evaluation / _cNeil McKenzie. _hTextual Documents |
||
| 250 |
_a / _b. |
||
| 260 |
_aNew Delhi : _bSBS Publishers & distributors , _c2008. |
||
| 300 | _a ; . | ||
| 504 | _a | ||
| 700 | 1 | _aCoughlan, Kep . | |
| 700 | 1 | _aCresswell, Hamish . | |
| 942 | _cBK | ||
| 999 |
_c13462 _d13462 |
||